Top 5 NHL Players per Country - Statistics

General Stats
  • This quiz has been taken 374 times
  • The average score is 14 of 60
Answer Stats
NHL Players % Correct
Canada 1 Wayne Gretzky
94%
Russia 2 Alexander Ovechkin
76%
Czech Republic 1 Jaromir Jagr
75%
Finland 1 Teemu Selänne
74%
Canada 3 Gordie Howe
66%
Canada 2 Mark Messier
58%
United States 1 Mike Modano
56%
Finland 2 Jari Kurri
52%
Sweden 1 Mats Sundin
52%
Russia 1 Sergei Fedorov
49%
Sweden 5 Daniel Sedin
47%
Sweden 4 Henrik Sedin
47%
Finland 4 Saku Koivu
40%
Canada 5 Marcel Dionne
38%
Slovakia 3 Marian Hossa
33%
Sweden 3 Niklas Lidström
33%
Canada 4 Ron Francis
30%
Sweden 2 Daniel Alfredsson
29%
Russia 3 Alexander Mogilny
28%
Slovakia 2 Peter Stastny
28%
Russia 5 Pavel Datsyuk
27%
Slovakia 1 Stanley Mikita
27%
Austria 1 Thomas Vanek
25%
Finland 5 Olli Jokinen
23%
Czech Republic 2 Patrick Elias
21%
Slovakia 4 Marian Gaborik
20%
Ukraine 1 Peter Bondra
20%
Germany 3 Marco Sturm
19%
United States 3 Jeremy Roenick
18%
Slovakia 5 Pavol Demitra
17%
Germany 1 Dany Heatley
16%
United States 4 Keith Tkachuk
15%
France 4 Pierre-Edouard Bellemare
15%
Russia 4 Alexei Kovalev
14%
Czech Republic 3 Milan Hejduk
14%
United Kingdom 2 Owen Nolan
14%
United Kingdom 5 Peter Lee
14%
France 2 Antoine Roussel
12%
United States 2 Phil Housley
11%
United States 5 Joe Mullen
10%
United Kingdom 4 Steve Smith
9%
Germany 4 Jochen Hecht
8%
United Kingdom 1 Steve Thomas
8%
Austria 4 Michael Raffl
7%
Ukraine 5 Ruslan Fedotenko
7%
Czech Republic 4 Vaclav Prospal
7%
Czech Republic 5 Bobby Holik
6%
Finland 3 Tomas Sandström
5%
United Kingdom 3 Ken Hodge
4%
Germany 5 Christian Ehrhoff
3%
France 3 Philippe Bozon
3%
Ukraine 2 Dmitri Khristich
2%
Austria 5 Marco Dano
2%
Germany 2 Walt Tkaczuk
2%
Ukraine 3 Alexei Zhitnik
1%
Austria 3 Andre Burakovsky
1%
France 1 Paul MacLean
1%
France 5 Xavier Ouellet
1%
Ukraine 4 Johnny Gottselig
0%
Austria 2 Michael Grabner
0%
No matching quizzes found
Score Distribution
Percent of People with Each Score
Percentile by Number Answered
Your Score History
You have not taken this quiz